Modus vivendi e benessere relazionale delle famiglie con figli (0-13 anni) (Record n. 358189)

Dettagli MARC
000 -LEADER
campo di controllo lung. fissa 00629nam a22002177a 4500
003 - Identificatore del numero di controllo
campo di controllo IT-MiCISF
005 - Data e orario dell'ultima transazione
campo di controllo 20250407192542.0
008 - Elementi di lunghezza fissa--Informazione generale
campo di controllo lung. fissa 190329b ||||| |||| 00| 0 eng d
040 ## - Fonte della catalogazione
Agenzia catalografica originale IT-MiCISF
Agenzia che fa la trascrizione IT-MiCISF
041 ## - Codice di lingua
Codice di lingua del testo/traccia sonora o titolo separato it
100 ## - Accesso principale -- nome di persona
Nome di persona Carrà Elisabetta
9 (RLIN) 57720
245 ## - Formulazione del titolo
Titolo Modus vivendi e benessere relazionale delle famiglie con figli (0-13 anni)
250 ## - Formulazione di edizione
Formulazione di edizione "Sociologia e politiche sociali", vol. 19, n. 3
260 ## - Pubblicazione, distribuzione, ecc. (stampa)
Data di pubblicazione, distribuzione, ecc. 2016
300 ## - Descrizione fisica
Estensione pp. 139-160
310 ## - Periodicità corrente della pubblicazione
Periodicità corrente della pubblicazione quadrimestrale
500 ## - Nota generale
Nota generale famiglia, figli-piccoli, stile-di-vita
650 ## - Accesso aggiunto di soggetto--termine topico
Termine topico o nome geografico come accesso famiglia
9 (RLIN) 56036
654 ## - Accesso aggiunto di soggetto--termini topici faccettati
Termine principale articolo
942 ## - Dati aggiuntivi (Koha)
Fonte della classificazione o dello schema di collocazione (segnatura) Dewey Decimal Classification
Tipo copia default (Koha) RIVISTA
Dati di copia
Ritirato (status) Perso (status) Fonte della classificazione o dello schema di collocazione (segnatura) Danneggiato (status) Non per il presito Biblioteca proprietaria Biblioteca in cui si trova Data d'acquisizione Totale prestiti Collocazione Data ultima operazione Prezzo in vigore dal Tipo copia default (Koha)
    Dewey Decimal Classification Buone Condizioni Not For Loan CISF - Milano CISF - Milano 29/03/2019   A09/R122 29/03/2019 29/03/2019 RIVISTA
CREDITS: SOCIETA' SAN PAOLO Via A.Severo, 58 - ROMA (RM) & PERIODICI SAN PAOLO SRL Via Giotto, 36 MILANO & CISF Via Giotto, 36 MILANO & EDIZIONI SAN PAOLO SRL,  Piazza Soncino, 5 CINISELLO BALSAMO (MI) -- ITALY